000 00757nam a2200217 4500
001 123593
003 ES-MaACL
005 20250602063228.0
007 t|
008 070214s1980 sp r ||||1| spa d
100 1 _aRahner, Karl,
_d1904-1984
_995012
245 1 1 _a¿Qué debemos creer todavía?
_b: propuestas para una nueva generación /
_cKarl Rahner, Karl H. Weger ; traducción de Juan Carlos Rodríguez Herranz.
260 _aSantander :
_bSal Terrae,
_c1980.
300 _a190 p. ;
_c22 cm.
490 1 _aPresencia teológica
700 1 _aWeger, Karl H.
_9116307
700 1 _aRodríguez Herranz, Juan Carlos.
_998573
830 0 _aPresencia teológica
_9180460
852 _aES-MaACL
_jC-35593
_bR.100307
999 _c123593
_d123593